000 00982nam a22003017a 4500
001 BR6000545
003 BR-BrBNA
005 20230928095513.0
007 ta
008 230509b bl.||||| |||| 00| 0 por d
040 _aBR-BrBNA
_bpor
_cBiblioteca Nacional de Agricultura
041 _a(Por)
072 _aE14
090 _ E14 BR6000545
110 1 _aServico Federal de Habitacao e Urbanismo, Rio de Janeiro, GB (Brasil). Escritorio Ary Garcia Rosa
_99343
245 1 _aCachoeiro do Itapemirim e sua regiao de influencia. Plano do Desenvolvimento Agro-Industrial, estudos iniciais
260 3 _aRio de Janeiro, GB (Brasil):
_c[nd].
300 _a208 p.
500 _a48 illus.; Published after 1970
650 _aDesenvolvimento Agricola
650 _aDesenvolvimento Industrial
650 _aPlanejamento Agricola
650 _aSetor Primario
650 _aSetor Secundario
650 _aEspirito Santo
909 _a202309
_bLucia
_c55
_dLucia Elande
942 _cBK
999 _c56947
_d56947